An inconvenient truth (Record no. 85443)

MARC details
000 -LEADER
fixed length control field 00935cgm a22002175a 4500
001 - CONTROL NUMBER
control field L138027
008 - FIXED-LENGTH DATA ELEMENTS--GENERAL INFORMATION
fixed length control field 070511s2007 xxuo g 93 000 0 eng d
035 ## - SYSTEM CONTROL NUMBER
System control number (Sirsi) u138027
041 0# - LANGUAGE CODE
Language code of text/sound track or separate title eng
050 04 - LIBRARY OF CONGRESS CALL NUMBER
Classification number 333.72 $2 18
100 1# - MAIN ENTRY--PERSONAL NAME
Personal name Gore, Al
245 03 - TITLE STATEMENT
Title An inconvenient truth
Remainder of title a global warning
Medium [videorecording]
260 ## - PUBLICATION, DISTRIBUTION, ETC.
Place of publication, distribution, etc. Los Angeles
Name of publisher, distributor, etc. Paramount Classics
Date of publication, distribution, etc. 2006
300 ## - PHYSICAL DESCRIPTION
Extent 1 DVD (93 mins.)
350 ## - PRICE (NR) (BK AM CF MU VM SE) [OBSOLETE]
Price 4.97
520 ## - SUMMARY, ETC.
Summary, etc. Former Vice President Al Gore presents a compelling view of the future of our planet and civilisation. Delivers the message that global warming is a real and present danger. Makes the argument that society must act now to save the earth. Describes how changes can be made in the way we live our lives.
651 #4 - SUBJECT ADDED ENTRY--GEOGRAPHIC NAME
Geographic name International
690 ## - LOCAL SUBJECT ADDED ENTRY--TOPICAL TERM (OCLC, RLIN)
Topical term or geographic name as entry element ENVIRONMENTAL AND LAND CONSULTANCY
856 48 - ELECTRONIC LOCATION AND ACCESS
Uniform Resource Identifier <a href="https://www.rics.org/library">https://www.rics.org/library</a>
Public note Audio Visual materials can only be used in the library.
942 ## - ADDED ENTRY ELEMENTS (KOHA)
Suppress in OPAC 0
Holdings
Withdrawn status Lost status Source of classification or shelving scheme Damaged status Not for loan Home library Current library Shelving location Date acquired Cost, normal purchase price Total Checkouts Full call number Barcode Date last seen Date last checked out Copy number Cost, replacement price Price effective from Koha item type
    Dewey Decimal Classification     London London Enquiry desk 25/05/2007 4.97 8 ENQUIRY DESK 30073917 06/08/2019 20/10/2009 2 4.97 06/08/2019 Video